[Event "World Open"]
[Site "Philadelphia USA"]
[Date "2008.07.05"]
[EventDate "2008.07.02"]
[Round "7"]
[Result "1/2-1/2"]
[White "Samuel Shankland"]
[Black "Dean Ippolito"]
[WhiteElo "2368"]
[BlackElo "2445"]
[PlyCount "51"]

1. e4 e5 2. Nf3 Nf6 3. d4 Nxe4 4. dxe5 d5 5. Nbd2 Nxd2 6. Qxd2
c5 7. Qf4 h6 8. Be2 Be6 9. O-O Nc6 10. Rd1 Qc7 11. Qa4 g5
12. b4 Bg7 13. bxc5 O-O 14. Bb2 Nxe5 15. Nxe5 Bxe5 16. Bxe5
Qxe5 17. Bf3 Rfc8 18. Qa3 b6 19. cxb6 axb6 20. Qb3 Rc3
21. Qxb6 Rxc2 22. h3 Raxa2 23. Rxa2 Rxa2 24. Bxd5 Bxd5
25. Qd8+ Kg7 26. Qxd5 1/2-1/2

[Event "Open 18-wycc2008"]
[Site "Vung Tau city"]
[Date "2008.10.20"]
[EventDate "2008.10.20"]
[Round "1.17"]
[Result "1-0"]
[White "Samuel Shankland"]
[Black "Khoa Bao"]
[WhiteElo "2436"]
[BlackElo "2142"]
[PlyCount "167"]

1. e4 c5 2. Nf3 Nc6 3. d4 cxd4 4. Nxd4 Nf6 5. Nc3 e5 6. Ndb5
d6 7. Bg5 a6 8. Na3 b5 9. Nd5 Be7 10. Bxf6 Bxf6 11. c4 b4
12. Nc2 Rb8 13. Be2 Bg5 14. O-O O-O 15. Qd3 f5 16. Bf3 Kh8
17. exf5 Bxf5 18. Be4 Bxe4 19. Qxe4 b3 20. axb3 Rxb3 21. Rxa6
Nb8 22. Ra2 Nd7 23. Na1 Nc5 24. Qc2 Rd3 25. b4 Rd2 26. Qb1 Ne4
27. Nb3 Qe8 28. Nxd2 Nxd2 29. Rxd2 Bxd2 30. Qd3 Bg5 31. f3 Qa4
32. Kh1 h6 33. b5 Rb8 34. Qc3 Qa2 35. Nb4 Qe2 36. Qd3 Qxd3
37. Nxd3 d5 38. Nxe5 dxc4 39. Nxc4 Rxb5 40. Nd6 Rd5 41. Ne4
Kh7 42. g3 Be7 43. Rb1 Rd7 44. Kg2 Rc7 45. Rb2 Ra7 46. h4 Bf6
47. Rc2 Bd4 48. Kh3 Re7 49. Rc8 Be5 50. h5 Bc7 51. Kg4 Be5
52. Nd2 Rd7 53. Ne4 Re7 54. Ra8 Bd4 55. Nd6 Rd7 56. Nf5 Bf6
57. f4 Rb7 58. Nd6 Rd7 59. Ne4 Bd4 60. Rc8 Re7 61. Nd2 Rd7
62. Nf3 Bf6 63. Ne5 Bxe5 64. fxe5 g6 65. hxg6+ Kxg6 66. Rc6+
Kg7 67. Kf5 Rd1 68. Rc7+ Kf8 69. Ke6 Rd3 70. g4 Rf3 71. Rc8+
Kg7 72. Rc4 Ra3 73. Kd7 Ra7+ 74. Rc7 Ra8 75. Ke7 Kg6 76. e6
Kg7 77. Rb7 Kg6 78. Rd7 Kg7 79. Rd6 Kg6 80. Rd8 Ra7+ 81. Kf8
Rh7 82. Ke8 Kg5 83. Rd4 Rh8+ 84. Kd7 1-0

[Event "Open 18-wycc2008"]
[Site "Vung Tau city"]
[Date "2008.10.21"]
[EventDate "2008.10.20"]
[Round "2.13"]
[Result "0-1"]
[White "Florian Poetz"]
[Black "Samuel Shankland"]
[WhiteElo "2255"]
[BlackElo "2436"]
[PlyCount "88"]

1. e4 c5 2. Nf3 Nc6 3. d4 cxd4 4. Nxd4 Nf6 5. Nc3 d6 6. Bg5 e6
7. Qd2 Be7 8. O-O-O Nxd4 9. Qxd4 O-O 10. f3 a6 11. h4 b5
12. Kb1 Qa5 13. e5 dxe5 14. Qxe5 Bb7 15. Bd3 Rac8 16. Ne4 Bxe4
17. Bxe4 Nxe4 18. Bxe7 Nd2+ 19. Ka1 Rfe8 20. Qg5 Ne4 21. fxe4
h6 22. Qe5 Rxe7 23. c3 Rd8 24. Rd4 Red7 25. Rhd1 Qb6 26. b4
Rxd4 27. Rxd4 Kh7 28. h5 Rc8 29. Kb2 Qc6 30. Rd3 f6 31. Qd4
Qb7 32. Qd7 Qxe4 33. Qxc8 Qxd3 34. Qxe6 Qd2+ 35. Kb3 Qd1+
36. Ka3 Qxh5 37. Qxa6 Qd5 38. Qc8 f5 39. Qc5 Qd3 40. Qe5 f4
41. Kb3 Qd1+ 42. Kb2 g5 43. Qf6 Qd5 44. a3 Qxg2+ 0-1

[Event "Open 18-wycc2008"]
[Site "Vung Tau city"]
[Date "2008.10.22"]
[EventDate "2008.10.20"]
[Round "3.4"]
[Result "1-0"]
[White "Samuel Shankland"]
[Black "Pouria Darini"]
[WhiteElo "2436"]
[BlackElo "2263"]
[PlyCount "77"]

1. e4 c5 2. Nf3 d6 3. d4 cxd4 4. Nxd4 Nf6 5. Nc3 a6 6. Be3 Ng4
7. Bc1 Nf6 8. f4 e6 9. Be3 b5 10. Be2 Bb7 11. Bf3 Qc7 12. a3
Nbd7 13. Qe2 Be7 14. g4 Nb6 15. g5 Nfd7 16. O-O Nc4 17. Bc1 g6
18. Kh1 e5 19. Nb3 exf4 20. Bxf4 Nde5 21. Nd5 Bxd5 22. exd5
O-O 23. Nd4 Nxf3 24. Qxf3 Ne5 25. Qb3 Rae8 26. a4 bxa4
27. Rxa4 Ra8 28. Rfa1 Rfb8 29. Qc3 Qb7 30. Nc6 Nxc6 31. dxc6
Qxb2 32. Qxb2 Rxb2 33. Rxa6 Rxa6 34. Rxa6 Rxc2 35. Ra7 Kf8
36. c7 Ke8 37. Be3 Rc6 38. Bb6 Kd7 39. Ra8 1-0

[Event "Open 18-wycc2008"]
[Site "Vung Tau city"]
[Date "2008.10.23"]
[EventDate "2008.10.20"]
[Round "5.2"]
[Result "1-0"]
[White "Ivan Saric"]
[Black "Samuel Shankland"]
[WhiteElo "2516"]
[BlackElo "2436"]
[PlyCount "65"]

1. e4 c5 2. Nf3 d6 3. d4 cxd4 4. Nxd4 Nf6 5. Nc3 Nc6 6. Bg5 e6
7. Qd2 Be7 8. O-O-O Nxd4 9. Qxd4 O-O 10. f4 Qa5 11. Bc4 b5
12. Bxb5 Rb8 13. a4 Rd8 14. e5 dxe5 15. Qxe5 Bb7 16. Rxd8+
Rxd8 17. Rd1 h6 18. Bh4 Rxd1+ 19. Nxd1 Ne4 20. Qb8+ Kh7 21. c3
Bxh4 22. Qxb7 f5 23. g3 Bf6 24. Qb8 Bd8 25. Ne3 g5 26. Kc2 Qb6
27. Qxb6 Bxb6 28. Kd3 a6 29. Bc6 Nf2+ 30. Ke2 Bxe3 31. Kxe3
Nd1+ 32. Kd4 Nxb2 33. a5 1-0

[Event "Open 18-wycc2008"]
[Site "Vung Tau city"]
[Date "2008.10.24"]
[EventDate "2008.10.20"]
[Round "6.8"]
[Result "0-1"]
[White "Samuel Shankland"]
[Black "Viacheslav Kulakov"]
[WhiteElo "2436"]
[BlackElo "2377"]
[PlyCount "78"]

1. e4 c6 2. Ne2 d5 3. e5 Bf5 4. Ng3 Bg6 5. h4 h6 6. h5 Bh7
7. e6 Qd6 8. exf7+ Kxf7 9. d4 e5 10. dxe5 Qxe5+ 11. Be2 Bc5
12. Nd2 Nf6 13. Nf3 Qc7 14. Nd4 Nbd7 15. Be3 Rhe8 16. Qd2 Kg8
17. O-O-O Ne5 18. Ne6 Rxe6 19. Bxc5 b6 20. Be3 Neg4 21. Bf4
Qf7 22. Rhf1 Rae8 23. Rde1 Nxh5 24. Nxh5 Qxh5 25. Bd1 Qf5
26. Rxe6 Rxe6 27. f3 Ne5 28. g4 Qf6 29. g5 hxg5 30. Bxe5 Rxe5
31. Kb1 Qf4 32. Qg2 c5 33. Rh1 Bf5 34. a3 c4 35. Ka2 d4
36. Rh5 c3 37. Be2 Qc1 38. Bc4+ Kf8 39. Rh8+ Ke7 0-1

[Event "Open 18-wycc2008"]
[Site "Vung Tau city"]
[Date "2008.10.26"]
[EventDate "2008.10.20"]
[Round "7.13"]
[Result "0-1"]
[White "Krishnan P Saravana"]
[Black "Samuel Shankland"]
[WhiteElo "2262"]
[BlackElo "2436"]
[PlyCount "80"]

1. e4 c5 2. Nf3 d6 3. d4 cxd4 4. Nxd4 Nf6 5. Nc3 a6 6. h3 e5
7. Nde2 Be6 8. g4 h6 9. Bg2 Nbd7 10. Ng3 Nb6 11. Nd5 Nbxd5
12. exd5 Bxd5 13. O-O Bxg2 14. Kxg2 Qd7 15. f4 O-O-O 16. Rf3
Kb8 17. b4 Rc8 18. Bb2 h5 19. g5 h4 20. Nf1 Nh5 21. fxe5 Qc6
22. Ne3 Be7 23. c4 Rhd8 24. Nf5 Bxg5 25. Nxd6 f6 26. a4 fxe5
27. Bxe5 Rc7 28. b5 Qc5 29. Rf5 Bf4 30. b6 Qxb6 31. Rxf4 Nxf4+
32. Bxf4 g5 33. Bh2 Ka8 34. Rb1 Qc6+ 35. Kg1 Rcd7 36. Qd5 Rxd6
37. Bxd6 Rxd6 38. Qe5 Rd2 39. Qxg5 Qd6 40. Qg8+ Ka7 0-1

[Event "Open 18-wycc2008"]
[Site "Vung Tau city"]
[Date "2008.10.27"]
[EventDate "2008.10.20"]
[Round "8.9"]
[Result "1-0"]
[White "Samuel Shankland"]
[Black "Anastasios Pavlidis"]
[WhiteElo "2436"]
[BlackElo "2322"]
[PlyCount "57"]

1. e4 c5 2. Nf3 d6 3. d4 cxd4 4. Nxd4 Nf6 5. Nc3 g6 6. Be3 Bg7
7. f3 O-O 8. Qd2 Nc6 9. O-O-O d5 10. exd5 Nxd5 11. Nxc6 bxc6
12. Bd4 Nxc3 13. Qxc3 Bh6+ 14. Be3 Bxe3+ 15. Qxe3 Qb6 16. Qc3
Be6 17. h4 Rad8 18. Bd3 Rd5 19. h5 Rc5 20. Qe1 Rb8 21. b3 Bxb3
22. axb3 Qxb3 23. Rh4 f5 24. Bc4+ Rxc4 25. Qe6+ Kf8 26. Qxc4
Qb2+ 27. Kd2 Rd8+ 28. Ke2 Qe5+ 29. Re4 1-0

[Event "Open 18-wycc2008"]
[Site "Vung Tau city"]
[Date "2008.10.29"]
[EventDate "2008.10.20"]
[Round "10.6"]
[Result "0-1"]
[White "Pandian Karthikeyan"]
[Black "Samuel Shankland"]
[WhiteElo "2426"]
[BlackElo "2436"]
[PlyCount "68"]

1. d4 d5 2. c4 c6 3. Nf3 Nf6 4. Nc3 dxc4 5. a4 Bf5 6. e3 e6
7. Bxc4 Nbd7 8. Qe2 Bb4 9. O-O O-O 10. e4 Bg4 11. e5 Nd5
12. Na2 Ba5 13. Bxd5 exd5 14. h3 Bh5 15. g4 Bg6 16. h4 h6
17. Bf4 Qe7 18. Nc3 Qe6 19. Nh2 f6 20. Bg3 fxe5 21. dxe5 d4
22. Ne4 Qd5 23. Nd6 d3 24. Qe3 Bb6 25. Qe1 Bd4 26. e6 Ne5
27. e7 Qxd6 28. exf8=Q+ Rxf8 29. Kg2 Qd5+ 30. f3 Nc4 31. Bf2
Re8 32. Qb4 Re2 33. Kg1 Bxf2+ 34. Rxf2 Qd4 0-1

[Event "Open 18-wycc2008"]
[Site "Vung Tau city"]
[Date "2008.10.30"]
[EventDate "2008.10.20"]
[Round "11.2"]
[Result "1-0"]
[White "Samuel Shankland"]
[Black "Le Quang Liem"]
[WhiteElo "2436"]
[BlackElo "2583"]
[PlyCount "107"]

1. e4 c5 2. Nf3 d6 3. d4 cxd4 4. Nxd4 Nf6 5. Nc3 g6 6. Be3 Bg7
7. f3 O-O 8. Qd2 Nc6 9. O-O-O Nxd4 10. Bxd4 Be6 11. Kb1 Qc7
12. h4 Rfc8 13. h5 Qa5 14. hxg6 fxg6 15. a3 Rab8 16. Bd3 Bf7
17. Ne2 Qxd2 18. Rxd2 a6 19. Re1 Nd7 20. Bxg7 Kxg7 21. Nc3 b5
22. Bf1 Rc5 23. Rd4 Ne5 24. Nd5 Bxd5 25. exd5 g5 26. Re3 h5
27. g3 Rf8 28. Be2 Rf5 29. b4 Rc8 30. a4 Rh8 31. axb5 axb5
32. f4 gxf4 33. Rxf4 Rxf4 34. gxf4 Ng6 35. Bxb5 Nxf4 36. c4 h4
37. Bd7 Kf6 38. Bh3 Rg8 39. Bd7 Rh8 40. Bh3 Rb8 41. b5 Nxh3
42. Rxh3 Kg5 43. Kc2 Kg4 44. Re3 Re8 45. c5 dxc5 46. d6 e5
47. b6 h3 48. d7 Rd8 49. b7 h2 50. Re1 Kf5 51. Rb1 Rb8 52. Rd1
Rd8 53. Kc3 Rxd7 54. Rf1+ 1-0

[Event "United States Chess League"]
[Site "Internet Chess Club"]
[Date "2008.09.29"]
[EventDate "2008.??.??"]
[Round "6"]
[Result "0-1"]
[White "Daniel Rensch"]
[Black "Samuel Shankland"]
[WhiteElo "2411"]
[BlackElo "2364"]
[PlyCount "94"]

1. e4 c5 2. Nf3 d6 3. d4 cxd4 4. Nxd4 Nf6 5. Nc3 Nc6 6. Bg5 e6
7. Qd2 Be7 8. O-O-O Nxd4 9. Qxd4 O-O 10. f4 Qa5 11. Kb1 Rd8
12. Qd2 h6 13. Bxf6 Bxf6 14. Nd5 Qxd2 15. Nxf6+ gxf6 16. Rxd2
b6 17. Be2 Bb7 18. Bf3 Kf8 19. Rhd1 Ke7 20. e5 Bxf3 21. exd6+
Rxd6 22. Rxd6 Bxd1 23. Rxd1 e5 24. fxe5 fxe5 25. c4 Ke6
26. Kc2 f5 27. b4 Rc8 28. Kc3 f4 29. a4 h5 30. a5 h4 31. axb6
axb6 32. Ra1 h3 33. gxh3 Kf5 34. Ra7 Rh8 35. Rf7+ Ke4 36. b5
f3 37. Rf6 Rxh3 38. Kb4 Ke3 39. c5 bxc5+ 40. Kxc5 Rxh2 41. b6
Rb2 42. Re6 e4 43. Kd5 Rd2+ 44. Kc6 f2 45. Rf6 Rb2 46. b7 Ke2
47. Kc7 f1=Q 0-1

[Event "United States Chess League"]
[Site "Internet Chess Club"]
[Date "2008.09.24"]
[EventDate "2008.??.??"]
[Round "5"]
[Result "1/2-1/2"]
[White "Samuel Shankland"]
[Black "Marc Esserman"]
[WhiteElo "2364"]
[BlackElo "2307"]
[PlyCount "77"]

1. e4 c5 2. Nf3 d6 3. d4 cxd4 4. Nxd4 Nf6 5. Nc3 a6 6. Bg5 e6
7. f4 Be7 8. Qe2 h6 9. Bxf6 Bxf6 10. O-O-O Qc7 11. g3 Nc6
12. Nxc6 bxc6 13. e5 dxe5 14. Ne4 Be7 15. fxe5 Qxe5 16. Qc4
O-O 17. Bg2 Rb8 18. Qc3 Qc7 19. b3 f5 20. Nc5 Bg5+ 21. Kb1 Bf6
22. Qc4 Qa5 23. Nxe6 Bxe6 24. Qxe6+ Kh8 25. Qe3 Rfe8 26. Qd2
Qe5 27. c3 c5 28. Rhe1 Qxc3 29. Qxc3 Bxc3 30. Rxe8+ Rxe8
31. Bf1 a5 32. Bb5 Re7 33. Rd5 Bd4 34. Rxf5 Re1+ 35. Kc2 Rh1
36. h4 g6 37. Rf3 Rh2+ 38. Kd3 Rxa2 39. Be8 1/2-1/2

[Event "United States Chess League"]
[Site "Internet Chess Club"]
[Date "2008.09.08"]
[EventDate "2008.??.??"]
[Round "3"]
[Result "1-0"]
[White "Samuel Shankland"]
[Black "Charles Galofre"]
[WhiteElo "2364"]
[BlackElo "2326"]
[PlyCount "93"]

1. e4 e5 2. Nf3 Nc6 3. d4 exd4 4. Nxd4 Nf6 5. Nxc6 bxc6 6. e5
Qe7 7. Qe2 Nd5 8. c4 Nb6 9. Nc3 Qe6 10. b3 a5 11. g3 a4
12. Rb1 Bb4 13. Bd2 Ba6 14. Bg2 O-O 15. O-O Bxc3 16. Bxc3 d5
17. f4 f5 18. Qf3 Rad8 19. Rfd1 Rf7 20. cxd5 cxd5 21. Bd4 axb3
22. axb3 Bb7 23. Rdc1 Rc8 24. Ra1 Ra8 25. Qc3 Rd7 26. Qb4 Rxa1
27. Rxa1 Rd8 28. Ra7 Qc6 29. Qc5 Rc8 30. h3 h6 31. g4 g6
32. Kh2 h5 33. gxf5 gxf5 34. Qe7 Qh6 35. Kg3 Qg6+ 36. Qg5
Qxg5+ 37. fxg5 Bc6 38. Kf4 Nd7 39. e6 Nf8 40. e7 Ng6+ 41. Kxf5
Nh4+ 42. Ke5 Nxg2 43. Ra6 Bb5 44. Ra5 Bd7 45. Rxd5 Bxh3
46. Rd8+ Kf7 47. e8=Q+ 1-0

[Event "United States Chess League"]
[Site "Internet Chess Club"]
[Date "2008.09.03"]
[EventDate "2008.??.??"]
[Round "2"]
[Result "1-0"]
[White "Mehmed Pasalic"]
[Black "Samuel Shankland"]
[WhiteElo "2375"]
[BlackElo "2364"]
[PlyCount "67"]

1. c4 e5 2. Nc3 Nc6 3. e3 g6 4. a3 Bg7 5. g3 f5 6. d3 d6
7. Bg2 Nf6 8. Nge2 O-O 9. O-O Rb8 10. Rb1 Bd7 11. b4 a6 12. b5
axb5 13. cxb5 Ne7 14. a4 b6 15. Qc2 Be6 16. f4 Qd7 17. Bd2 h6
18. Na2 Bd5 19. e4 Bb7 20. Nb4 fxe4 21. dxe4 d5 22. exd5 Nfxd5
23. Nxd5 Bxd5 24. Bxd5+ Qxd5 25. Bb4 exf4 26. Rbd1 Qf5
27. Qxf5 Rxf5 28. Bxe7 f3 29. Nd4 Bxd4+ 30. Rxd4 Re8 31. Rd8
Rff8 32. Bxf8 Rxd8 33. Bxh6 Rd3 34. Bf4 1-0

[Event "United States Chess League"]
[Site "Internet Chess Club"]
[Date "2008.08.27"]
[EventDate "2008.??.??"]
[Round "1"]
[Result "1-0"]
[White "Samuel Shankland"]
[Black "Igor Schneider"]
[WhiteElo "2364"]
[BlackElo "2396"]
[PlyCount "41"]

1. e4 e6 2. d4 d5 3. Nd2 Nf6 4. e5 Nfd7 5. Bd3 c5 6. c3 Nc6
7. Ndf3 cxd4 8. cxd4 f6 9. exf6 Nxf6 10. Nh3 Bd6 11. O-O Qc7
12. Re1 O-O 13. Nhg5 h6 14. Nxe6 Bxe6 15. Rxe6 Ng4 16. g3 Nxf2
17. Kxf2 Rxf3+ 18. Qxf3 Rf8 19. Bf4 Bxf4 20. Kg2 Kh8 21. Qxf4
1-0

[Event "FL State Champ."]
[Site "?"]
[Date "2009.??.??"]
[EventDate "2009.09.16"]
[Round "?"]
[Result "1-0"]
[White "Renier Gonzalez"]
[Black "Samuel Shankland"]
[WhiteElo "2550"]
[BlackElo "2547"]
[PlyCount "27"]

1. e4 e5 2. Nf3 Nc6 3. Bb5 a6 4. Ba4 Nf6 5. O-O Be7 6. Bxc6
dxc6 7. d3 Nd7 8. d4 exd4 9. Nxd4 O-O 10. Be3 Re8 11. f3 Bf6
12. Nc3 Nb6 13. Qd3 Re7 14. Nxc6 1-0

[Event "Gibraltar"]
[Site "Caleta ENG"]
[Date "2010.01.29"]
[EventDate "2010.01.26"]
[Round "4"]
[Result "1/2-1/2"]
[White "Samuel Shankland"]
[Black "Josep Manuel Lopez Martinez"]
[WhiteElo "2491"]
[BlackElo "2593"]
[PlyCount "77"]

1. d4 Nf6 2. c4 g6 3. Nc3 Bg7 4. e4 d6 5. Nf3 O-O 6. Be2 e5
7. d5 a5 8. h3 Na6 9. Bg5 Qe8 10. Nd2 Nd7 11. O-O Ndc5 12. Re1
f5 13. Be3 Qd8 14. exf5 gxf5 15. f4 e4 16. a3 Bd7 17. Rc1 a4
18. Nf1 Qh4 19. Kh2 Bh6 20. g3 Qe7 21. Nb5 Nb3 22. Rc2 Bg7
23. Nd4 Nbc5 24. Bf2 c6 25. Rd2 cxd5 26. Nb5 dxc4 27. Bxc4+
Be6 28. Bxc5 dxc5 29. Qxa4 Kh8 30. Qb3 Bxc4 31. Qxc4 Rad8
32. Red1 Bxb2 33. Rxd8 Rxd8 34. Rxd8+ Qxd8 35. Qf7 Qf6
36. Qxb7 Bc1 37. Qd7 Qb2+ 38. Kh1 Qe2 39. Qe8+ 1/2-1/2

[Event "Gibraltar"]
[Site "Caleta ENG"]
[Date "2010.01.31"]
[EventDate "2010.01.26"]
[Round "6"]
[Result "1-0"]
[White "Samuel Shankland"]
[Black "Terence P D Chapman"]
[WhiteElo "2491"]
[BlackElo "2221"]
[PlyCount "75"]

1. d4 Nf6 2. c4 c5 3. d5 b5 4. cxb5 a6 5. bxa6 g6 6. Nc3 Bxa6
7. e4 Bxf1 8. Kxf1 d6 9. Nge2 Bg7 10. h3 O-O 11. Kg1 Nbd7
12. Kh2 Qa5 13. Qc2 Nb6 14. Rd1 Rfb8 15. Rb1 Nc4 16. a4 Qb4
17. b3 Na3 18. Bxa3 Qxa3 19. f3 Nd7 20. Nb5 Qb4 21. Nc1 Rc8
22. Nd3 Qa5 23. Na3 Nb6 24. Nc4 Nxc4 25. Qxc4 Qa6 26. Rdc1
Qxc4 27. Rxc4 Rcb8 28. b4 Rxa4 29. bxc5 Rxb1 30. Rxa4 Rb3
31. Ra8+ Bf8 32. c6 Rxd3 33. c7 Rc3 34. c8=Q Rxc8 35. Rxc8 f5
36. exf5 gxf5 37. Kg3 Kf7 38. Kf4 1-0

[Event "Gibraltar"]
[Site "Caleta ENG"]
[Date "2010.02.04"]
[EventDate "2010.01.26"]
[Round "10"]
[Result "1-0"]
[White "Samuel Shankland"]
[Black "Kenneth T Solomon"]
[WhiteElo "2491"]
[BlackElo "2368"]
[PlyCount "141"]

1. Nf3 Nf6 2. c4 c5 3. Nc3 e6 4. g3 b6 5. Bg2 Bb7 6. O-O a6
7. Re1 d6 8. e4 e5 9. d3 g6 10. Nh4 Bg7 11. f4 h6 12. fxe5
dxe5 13. Be3 O-O 14. Bh3 Nc6 15. Qd2 Kh7 16. Rf1 Nd4 17. Rf2
Ne8 18. Raf1 Nd6 19. Nd5 Bxd5 20. cxd5 a5 21. Re1 Ra7 22. Bxd4
cxd4 23. Rc1 h5 24. Rc6 Bh6 25. Qc2 Be3 26. Kg2 Bxf2 27. Kxf2
a4 28. Kg2 a3 29. b4 f5 30. exf5 Nxf5 31. Bxf5 gxf5 32. d6 f4
33. Qe2 Qe8 34. Qe4+ Kg8 35. Ng6 f3+ 36. Kf2 Qf7 37. Rc2 Re8
38. Nxe5 Qe6 39. d7 Rxd7 40. Nxd7 Qxd7 41. Qg6+ Kf8 42. Qxh5
Kg7 43. b5 Re2+ 44. Rxe2 fxe2 45. Qe5+ Kg8 46. Ke1 Qf7
47. Qxe2 Qd5 48. Kd1 Qxb5 49. Qe6+ Kh8 50. Qc8+ Kg7 51. Qc7+
Kh8 52. Qd8+ Kh7 53. Qe7+ Kh8 54. Qf8+ Kh7 55. Qxa3 Qh5+
56. Kc1 Qe2 57. Qa7+ Kh8 58. Qb8+ Kg7 59. Qc7+ Kh8 60. Qd8+
Kh7 61. Qh4+ Kg8 62. Qxd4 Qxh2 63. Qc4+ Kg7 64. g4 Qe5 65. Kc2
Qe2+ 66. Kb3 Qd1+ 67. Kb4 Qb1+ 68. Ka3 Kg6 69. d4 Qe4 70. Qg8+
Kh6 71. Qf8+ 1-0

[Event "Philadelphia Open"]
[Site "Philadelphia United States"]
[Date "2010.04.02"]
[EventDate "2010.03.31"]
[Round "5"]
[Result "0-1"]
[White "Mauricio Uribe"]
[Black "Samuel Shankland"]
[WhiteElo "2398"]
[BlackElo "2486"]
[PlyCount "102"]

1. e4 c5 2. Nc3 e6 3. g3 Nc6 4. Nge2 Nf6 5. Bg2 Be7 6. O-O a6
7. d4 cxd4 8. Nxd4 Qc7 9. Be3 O-O 10. f4 d6 11. Kh1 Re8 12. e5
dxe5 13. Nxc6 bxc6 14. fxe5 Rd8 15. Qf3 Qxe5 16. Bb6 Rf8
17. Rae1 Qd6 18. Qxc6 Rb8 19. Qxd6 Bxd6 20. Na4 Bd7 21. Bc5
Bxc5 22. Nxc5 Rfc8 23. Nxd7 Nxd7 24. Rd1 Nf6 25. Rd6 Rxb2
26. Rxa6 h5 27. Rc1 Rcxc2 28. Rxc2 Rxc2 29. Bb7 g6 30. a4 Ng4
31. h4 Ne3 32. Kg1 Nf5 33. Be4 Ra2 34. Bxf5 gxf5 35. a5 Kg7
36. Ra7 f4 37. gxf4 Ra4 38. Kg2 Rxf4 39. Kg3 Ra4 40. a6 Kf6
41. Kh3 Ra3+ 42. Kg2 e5 43. Ra8 Kf5 44. a7 Kf4 45. Rh8 Rxa7
46. Rxh5 Ra2+ 47. Kh3 e4 48. Rh7 f5 49. Rg7 e3 50. Re7 e2
51. h5 Ra3+ 0-1

[Event "Philadelphia Open"]
[Site "Philadelphia United States"]
[Date "2010.04.04"]
[EventDate "2010.03.31"]
[Round "8"]
[Result "1-0"]
[White "Samuel Shankland"]
[Black "Vladimir Romanenko"]
[WhiteElo "2486"]
[BlackElo "2499"]
[PlyCount "47"]

1. e4 c5 2. Nf3 d6 3. d4 cxd4 4. Nxd4 Nf6 5. Nc3 a6 6. Be3 e5
7. Nb3 Be6 8. Qd2 Qc7 9. f4 Be7 10. f5 Bc4 11. O-O-O Nbd7
12. g4 Nxg4 13. Rg1 Nxe3 14. Qxe3 Rc8 15. Rxg7 h6 16. Kb1 Bg5
17. Qh3 Qd8 18. Bxc4 Rxc4 19. Rxd6 Qe7 20. Rxd7 Qxd7 21. Rxg5
Rc6 22. Rg1 Rd6 23. Nd5 Qa4 24. Qc3 1-0

[Event "Philadelphia Open"]
[Site "Philadelphia United States"]
[Date "2010.04.04"]
[EventDate "2010.03.31"]
[Round "9"]
[Result "1-0"]
[White "Sergey Kudrin"]
[Black "Samuel Shankland"]
[WhiteElo "2556"]
[BlackElo "2486"]
[PlyCount "83"]

1. e4 c5 2. Nf3 d6 3. d4 cxd4 4. Nxd4 Nf6 5. Nc3 Nc6 6. Bg5 e6
7. Qd2 Be7 8. O-O-O Nxd4 9. Qxd4 O-O 10. f3 a6 11. h4 b5
12. Kb1 Qc7 13. g4 Rd8 14. h5 b4 15. Ne2 Rb8 16. Ng3 h6
17. Bh4 Nh7 18. Bxe7 Qxe7 19. e5 d5 20. f4 Bd7 21. Bxa6 Bb5
22. Bxb5 Rxb5 23. Ne2 Ra8 24. Nc1 Rba5 25. Rhg1 Ra4 26. b3
R4a5 27. Rd2 f6 28. Re2 R8a6 29. Rge1 fxe5 30. Rxe5 Nf6 31. a4
bxa3 32. g5 a2+ 33. Ka1 Qc7 34. gxf6 Qxc2 35. Nd3 Qxb3
36. fxg7 Rb6 37. Nb2 Rb4 38. Qd2 Rab5 39. R5e2 Qg3 40. Qc1 Rc4
41. Qd2 Rcb4 42. Rxe6 1-0

[Event "Cappelle La Grande XXVI"]
[Site "?"]
[Date "2010.02.15"]
[EventDate "?"]
[Round "4"]
[Result "0-1"]
[White "Keith MacKinnon"]
[Black "Samuel Shankland"]
[WhiteElo "2155"]
[BlackElo "2491"]
[PlyCount "100"]

1. e4 c5 2. Nf3 e6 3. d4 cxd4 4. Nxd4 a6 5. Bd3 Ne7 6. O-O
Nec6 7. Nb3 Be7 8. Nc3 d6 9. Be3 Nd7 10. f4 b6 11. Qd2 O-O
12. Rad1 Nc5 13. Be2 Bb7 14. Bf3 Qc7 15. Qf2 Rab8 16. Nd4 Rfe8
17. Rd2 Bf8 18. Rfd1 Ba8 19. Qg3 Na5 20. Re2 Nc4 21. Bc1 b5
22. a3 Nd7 23. Rd3 Nc5 24. Rd1 g6 25. Qf2 Bg7 26. Ree1 Rec8
27. Na2 e5 28. fxe5 Nxe5 29. Nb4 Re8 30. Nd5 Nxf3+ 31. Nxf3
Bxd5 32. exd5 Ne4 33. Qe2 Nf6 34. Qd2 Rxe1+ 35. Rxe1 Qc5+
36. Kh1 Nxd5 37. Rd1 Nb6 38. Qxd6 Qxd6 39. Rxd6 Nc4 40. Rd7
Nxb2 41. h4 Nc4 42. Ra7 a5 43. Nd2 Nxd2 44. Bxd2 a4 45. Bf4
Rc8 46. Rb7 Bf8 47. Rxb5 Bxa3 48. c3 Bf8 49. Ra5 a3 50. Be5
Rc5 0-1

[Event "US Championships"]
[Site "Saint Louis USA"]
[Date "2010.05.14"]
[EventDate "2010.05.14"]
[Round "1"]
[Result "1-0"]
[White "Robert Lee Hess"]
[Black "Samuel Shankland"]
[WhiteElo "2590"]
[BlackElo "2507"]
[PlyCount "59"]

1. e4 c5 2. Nf3 d6 3. d4 cxd4 4. Nxd4 Nf6 5. Nc3 a6 6. Be2 e6
7. O-O Be7 8. f4 O-O 9. Be3 Nc6 10. a4 Qc7 11. Kh1 Re8 12. Bd3
Nb4 13. Qf3 Bf8 14. Nb3 b6 15. Rac1 Bb7 16. Qh3 g6 17. e5 dxe5
18. fxe5 Nxd3 19. cxd3 Qxe5 20. Bxb6 Rab8 21. Bc7 Qg5 22. Bxb8
Rxb8 23. Nd4 Ng4 24. Rce1 Bc5 25. Nf3 Qf5 26. Qg3 Rd8 27. d4
Bd6 28. Ne5 Bxe5 29. dxe5 Qh5 30. Ne4 1-0

[Event "US Championships"]
[Site "Saint Louis USA"]
[Date "2010.05.15"]
[EventDate "2010.05.14"]
[Round "2"]
[Result "1/2-1/2"]
[White "Samuel Shankland"]
[Black "Aleksandr Lenderman"]
[WhiteElo "2507"]
[BlackElo "2598"]
[PlyCount "137"]

1. d4 d5 2. c4 e6 3. Nf3 Nf6 4. Nc3 Be7 5. Bg5 O-O 6. e3 h6
7. Bh4 Ne4 8. Bxe7 Qxe7 9. Rc1 c6 10. Bd3 Nxc3 11. Rxc3 Nd7
12. O-O dxc4 13. Bxc4 b6 14. Bd3 c5 15. Be4 Rb8 16. Qa4 a5
17. a3 e5 18. Bc6 cxd4 19. exd4 exd4 20. Qxd4 Nf6 21. Qf4 Be6
22. Nd4 Rbd8 23. Re1 Nd5 24. Bxd5 Rxd5 25. Rg3 Qd6 26. Qxd6
Rxd6 27. Nxe6 fxe6 28. Rge3 Rc8 29. R3e2 Kf7 30. g3 g5 31. Kg2
Rc4 32. Re4 Rxe4 33. Rxe4 Rd3 34. Re2 Rb3 35. f3 a4 36. h4
gxh4 37. gxh4 Kf6 38. Kg3 h5 39. Kf4 b5 40. Rc2 b4 41. axb4
e5+ 42. Kg3 e4 43. Kf4 exf3 44. b5 Rxb5 45. Kxf3 Ke5 46. Rc3
Kd5 47. Ra3 Rb4 48. Kg3 Kc6 49. Rc3+ Kb5 50. Rc8 Rg4+ 51. Kh3
Rd4 52. Rb8+ Kc4 53. Kg3 Rg4+ 54. Kh3 Rf4 55. Kg3 Rf5 56. Ra8
Kb4 57. Rb8+ Rb5 58. Ra8 Rb7 59. Rh8 Kb3 60. Rxh5 Kxb2 61. Ra5
a3 62. Kg4 a2 63. h5 Rc7 64. Rxa2+ Kxa2 65. h6 Kb3 66. Kg5 Kc4
67. Kg6 Rc6+ 68. Kg7 Rxh6 69. Kxh6 1/2-1/2

[Event "US Championships"]
[Site "Saint Louis USA"]
[Date "2010.05.17"]
[EventDate "2010.05.14"]
[Round "4"]
[Result "1/2-1/2"]
[White "Samuel Shankland"]
[Black "Dimitri Gurevich"]
[WhiteElo "2507"]
[BlackElo "2488"]
[PlyCount "79"]

1. d4 d5 2. c4 e6 3. Nf3 Nf6 4. g3 dxc4 5. Bg2 c6 6. Ne5 Bb4+
7. Bd2 Qxd4 8. Bxb4 Qxe5 9. Na3 b5 10. f4 Qc7 11. Qd4 Na6
12. Bd6 Qa5+ 13. b4 cxb3 14. Kf1 Bb7 15. axb3 c5 16. Qd3 O-O-O
17. Bxb7+ Kxb7 18. Kg2 Nd5 19. Nxb5 Qb6 20. e4 Nab4 21. Qe2 a6
22. exd5 axb5 23. Be5 f6 24. Qg4 fxe5 25. Qxg7+ Kb8 26. dxe6
Qc6+ 27. Kg1 exf4 28. e7 Rde8 29. Rd1 Nd5 30. Qe5+ Nc7 31. Rd6
Qb7 32. Qf6 Nd5 33. Rd8+ Ka7 34. Qa1+ Kb6 35. Rd6+ Kc7 36. Qe5
Rxe7 37. Re6+ Kd7 38. Rd6+ Kc7 39. Re6+ Kd7 40. Rd6+ 1/2-1/2